Detecting detection : international perspectives on the uses of a plot /

Bibliographic Details
Corporate Author: ebrary, Inc
Other Authors: Baker, Peter, 1955-, Shaller, Deborah
Format: eBook
Language:English
Published: New York : Continuum, [2012]
Subjects:
Online Access:Connect to the full text of this electronic book

MARC

Tag First Indicator Second Indicator Subfields
LEADER 00000cam a2200000 a 4500
001 in00002781052
006 m d
007 cr cn|||||||||
008 120208s2012 nyu ob 001 0 eng d
005 20250816223226.7
010 |z  2012002427 
020 |z 9781441149367 (hardcover alk. paper) 
020 |z 1441149368 (hardcover alk. paper) 
020 |z 9781441100788 (pbk. alk. paper) 
020 |z 1441100784 (pbk. alk. paper) 
020 |z 9781441128126 (e-book) 
035 |a (CaPaEBR)ebr10579576 
040 |a CaPaEBR  |c CaPaEBR  |d UtOrBLW 
050 1 4 |a PN3377.5.D4  |b D48 2012eb 
082 0 4 |a 808.3/872  |2 23 
245 0 0 |a Detecting detection :  |b international perspectives on the uses of a plot /  |c edited by Peter Baker and Deborah Shaller. 
264 1 |a New York :  |b Continuum,  |c [2012] 
264 4 |c ©2012 
300 |a 1 online resource (xvi, 184 pages)  
336 |a text  |b txt  |2 rdacontent 
337 |a computer  |b c  |2 rdamedia 
338 |a online resource  |b cr  |2 rdacarrier 
504 |a Includes bibliographical references and index. 
500 |a Electronic resource. 
650 0 |a Detective and mystery stories  |x Authorship. 
650 0 |a Plots (Drama, novel, etc.) 
650 0 |a Fiction  |x Technique. 
650 0 |a Fiction  |x Authorship. 
655 7 |a Electronic books.  |2 local 
700 1 |a Baker, Peter,  |d 1955- 
700 1 |a Shaller, Deborah. 
710 2 |a ebrary, Inc. 
856 4 0 |u https://ebookcentral.proquest.com/lib/tamucs/detail.action?docID=967746  |y Connect to the full text of this electronic book  |t 0 
980 |a 120731  |b 120  |c USD  |e 180  |f YBP_EBR0000039529  |g 1 
999 f f |s f4c83e36-909d-33cf-b77c-8ba4d7b9679b  |i b77e7921-41a8-3cee-9152-1d86fca039ee  |t 0 
999 |a MARS 
952 f f |a Texas A&M University  |b College Station  |c Electronic Resources  |d Available Online  |t 0  |e PN3377.5.D4 D48 2012eb  |h Library of Congress classification 
998 f f |a PN3377.5.D4 D48 2012eb  |t 0  |l Available Online